السلبية في القرارات الإدارية : (رقم التسجيلة. 28323)

تفاصيل مارك
000 -الفاتح
حقل البيانات ثابتة الطول 01100nam a2200241 a 4500
003 - محدد رقم الضبط
رقم الضبط OSt
005 - وقت وتاريخ اخر تعامل مع التسجيلة
رقم الضبط 20150408114121.0
008 - عناصر البيانات ثابتة الطول - معلومات عامة
حقل البيانات ثابتة الطول 130226s2013 ku g b 000 0 ara d
020 ## - الرقم الدولى المعيارى للكتب
الرقم الدولى المعيارى للكتاب 9789957176457
040 ## - مصدر الفهرسة
وكالة الفهرسة الأصلية Ma-Un
082 04 - رقم تصنيف ديوى العشرى
رقم التصنيف 342.06
رقم المادة أ ن س
رقم الطبعة 21
100 1# - المدخل الرئيسى - إسم شخصى
9 (RLIN) 21827
الإسم الشخصى أولاد ودير، ناصر بن ودير بن صالح.
110 ## - المدخل الرئيسى - إسم هيئة
تاريخ الاجتماع او توقيع المعاهده 2012 :
موقع المؤتمر عمان، الأردن).
9 (RLIN) 21857
245 12 - بيان العنوان
العنوان السلبية في القرارات الإدارية :
بقية العنوان دراسة قانونية مقارنة في القانون العماني والمصري والفرنسي /
بيان المسئوليه,etc ناصر بن ودير بن صالح أولاد ودير.
250 ## - بيان الطبعة
بيان الطبعة ط. 1.
260 ## - PUBLICATION, DISTRIBUTION, ETC. (IMPRINT)
مكان الناشر او الموزع الصفاة، الكويت :
اسم الناشر او الموزع مكتبة الفلاح للنشر والتوزيع،
تاريخ النشر أو التوزيع 2013
-- 1434.
300 ## - الوصف المادى
التعداد 184 ص. ؛
أبعاد الوعاء 24 سم.
504 ## - تبصرة ببليوجرافية
تبصرة ببليوجرافية,الخ ببليوجرافية : ص. 181-184.
650 #7 - المدخل الاضافى بالموضوع-مصطلح موضوعى
مصطلح موضوعي أو اسم جغرافي كعنصر مدخل القانون الإداري
التقسيم الفرعي الجغرافي عمان (سلطنة)
مصدر الرأس أو المصطلح aucsh
9 (RLIN) 21905
650 #7 - المدخل الاضافى بالموضوع-مصطلح موضوعى
مصطلح موضوعي أو اسم جغرافي كعنصر مدخل القانون الإداري
التقسيم الفرعي الجغرافي مصر
مصدر الرأس أو المصطلح aucsh
9 (RLIN) 15051
650 #7 - المدخل الاضافى بالموضوع-مصطلح موضوعى
مصطلح موضوعي أو اسم جغرافي كعنصر مدخل القانون الإداري
التقسيم الفرعي الجغرافي فرنسا
مصدر الرأس أو المصطلح aucsh
9 (RLIN) 21906
942 ## - عناصر المدخل الإضافي( كوها)
مصدر التصنيف او مخطط الترفيف Dewey Decimal Classification
Koha [default] item type كتاب
المقتنيات
حالة الفقد نموذج السعر الفعال حالة تلف ليس للاعارة رقم الطلب رقم النسخة تاريخ الاكتساب الموقع الحالي الباركود الفرع الرئيسي Date last seen نوع المادة فى نظام كوها مصدر التصنيف او خطة الترفيف Total Checkouts Date last checked out
  2013-03-16   Not For Loan 342.06 أ ن س 1 2013-03-16 المكتبة المركزية بالمجمعة (CL) 00204398 المكتبة المركزية بالمجمعة (CL) 2026-06-25 كتاب Dewey Decimal Classification 1 2026-05-20
  2013-03-16     342.06 أ ن س 2 2013-03-16 المكتبة المركزية بالمجمعة (CL) 00204397 المكتبة المركزية بالمجمعة (CL) 2013-03-16 كتاب Dewey Decimal Classification    
  2013-03-16     342.06 أ ن س 3 2013-03-16 المكتبة المركزية بالمجمعة (CL) 00204396 المكتبة المركزية بالمجمعة (CL) 2013-03-16 كتاب Dewey Decimal Classification    
  2013-03-16   Not For Loan 342.06 أ ن س 1 2013-03-16 مكتبة كلية العلوم و الدراسات الإنسانية برماح - طالبات (SRF) 00201505 مكتبة كلية العلوم و الدراسات الإنسانية برماح - طالبات (SRF) 2013-03-16 كتاب Dewey Decimal Classification    
  2013-03-16     342.06 أ ن س 2 2013-03-16 مكتبة كلية العلوم و الدراسات الإنسانية برماح - طالبات (SRF) 00201504 مكتبة كلية العلوم و الدراسات الإنسانية برماح - طالبات (SRF) 2013-03-16 كتاب Dewey Decimal Classification    
  2013-03-19   Not For Loan 342.06 أ ن س 1 2013-03-19 مكتبة كلية العلوم و الدراسات الإنسانية برماح - طلاب (SRM) 00203100 مكتبة كلية العلوم و الدراسات الإنسانية برماح - طلاب (SRM) 2013-03-19 كتاب Dewey Decimal Classification    
  2013-03-19     342.06 أ ن س 2 2013-03-19 مكتبة كلية العلوم و الدراسات الإنسانية برماح - طلاب (SRM) 00203099 مكتبة كلية العلوم و الدراسات الإنسانية برماح - طلاب (SRM) 2013-03-19 كتاب Dewey Decimal Classification    
  2013-03-24   Not For Loan 342.06 أ ن س 1 2013-03-24 مكتبة مجمع الكليات بالزلفى - طلاب (SZM) 00202982 مكتبة مجمع الكليات بالزلفى - طلاب (SZM) 2013-03-24 كتاب Dewey Decimal Classification    
  2013-03-24     342.06 أ ن س 1 2013-03-24 مكتبة مجمع الكليات بالزلفى - طلاب (SZM) 00202984 مكتبة مجمع الكليات بالزلفى - طلاب (SZM) 2013-03-24 كتاب Dewey Decimal Classification